00670nam a2200193 4500001000700000003000900007005001700016007000300033008004100036100002400077245007600101250004600177260003300223300002200256700002500278852003200303999001900335952012200354122396ES-MaACL20230906191953.0t|070214s1976 sp r ||||1| cat d1 aCelan, Paul.93734210aTraduccions de Paul Celan / cPaul Celan ; traducción de Antoni Pous. aedición bilingüe, alemán-catalán. aBarcelona : bLumen, c1976. a117 p. ; c18 cm.1 aPous, Antoni.993467 aES-MaACLjE-10130 bR.94594 c122396d122396 00104070aATENEOMbATENEOMcDEPO2d2008-01-17eSCl0oE-10130p1127543r2023-02-23 00:00:00w2023-02-23yMONOGRAFIA